000 00760cam a2200229 a 4500
001 2629884
005 20180213035411.0
008 990203s2000 nju f 001 0 eng
010 _a 99019691
020 _a0130210226
040 _aDLC
_cDLC
_dDLC
041 _aeng
080 _a428.2 HAR
082 0 0 _a428.2 HAR
_221
100 1 _a47
101 _aEDU
245 1 0 _aPrentice Hall reference guide to grammar and usage /
_cMuriel Harris.
246 3 0 _aReference guide to grammar and usage
906 _a7
_bcbc
_corignew
_d1
_eocip
_f19
_gy-gencatlg
942 _2ddc
_cBK
999 _c42349
_d42349